| 000 | 02961nam a2200409 i 4500 | ||
|---|---|---|---|
| 001 | 195660 | ||
| 003 | SpMaBN | ||
| 005 | 20260227182923.0 | ||
| 008 | 191001s2018 sp a | ||||o000 m spa | ||
| 017 |
_aCC 402-2018 _bOficina Depósito Legal Cáceres |
||
| 035 | _a(OCoLC)1105147634 | ||
| 035 | _aa6581239 | ||
| 040 |
_aSpMaBN _bspa _cSpMaBN _erda _dEs-MaACL |
||
| 080 | _a908(460.251 Aldeacentenera) | ||
| 080 | _a087.5:82 | ||
| 100 | 1 |
_aRamos Rubio, José Antonio, _d1963- _eaut _9174430 |
|
| 245 | 1 | 0 |
_aAldeacentenera : _btras las huellas del jinete / _cJosé Antonio Ramos Rubio, cronista oficial de Trujillo. |
| 264 | 1 |
_aCáceres : _bDiputación de Cáceres, _cdiciembre de 2018 |
|
| 300 |
_a218 páginas : _bfotografías (blanco y negro y color) ; _c23 cm |
||
| 336 |
_aTexto _2rdacontent |
||
| 337 |
_asin mediación _2rdamedia |
||
| 338 |
_avolumen _2rdacarrier |
||
| 500 | _aIncluye (páginas 187-200): El enigma del jinete Vettón / Florentino Escribano Ruiz | ||
| 504 | _aBibliografía: páginas 201-218 | ||
| 520 | _aEl pueblo de Aldeacentenera se encuentra situado en las estribaciones de la Sierra de las Villuercas. Está en una hondonada entre dos cerros que la dominan: uno, llamado Cerro del Bote y de las Viñas, y otro denominado Caramanchón y Tomillar. Por el norte, el terreno es un poco más llano y se divisan los más hermosos panoramas: el puerto de Miravete, la Sierra de las Villuercas y las alturas de la Sierra de Gredos, cuyas cumbres están nevadas durante el invierno. El río Almonte atraviesa el término municipal, de saliente a poniente, a unos 6 km del casco, sirviendo de límite a dicho término con los de Berzocana y Deleitosa. El Almonte tiene como afluentes, por la izquierda, los riachuelos de Garciaz y Arroyo Mojón entre los menos importantes. Estamos ante un trabajo de investigación que se vertebra en los siguientes apartados: el medio natural, las obras artísticas, los restos arqueológicos y la historia más inmediata, las tradiciones populares, con un nutridísimo cúmulo de datos, notas a pie de página, fechas, relatos minuciosos y otros detalles, que evitan cualquier duda o reticencia sobre el desarrollo del contenido expuesto, tras constatar los seguros pasos que el autor va dando en el proceso histórico. | ||
| 651 | 0 |
_aAldeacentenera- _xDescripción _9237310 |
|
| 655 | 0 |
_aCuentos infantiles _2tgfbne _9234793 |
|
| 700 | 2 |
_aEscribano Ruiz, Florentino _9240286 |
|
| 740 | 3 | 2 | _aEl enigma del jinete vettón |
| 852 |
_aES-MaACL _bR.152987 _cDEPOJ _jN-8680 _hDonación: José Antonio Ramos Rubio _xEncuadernación rústica con solapas _9204196 |
||
| 903 |
_aRamos Rubio, José Antonio, _d1963- _ednr _9174430 |
||
| 942 |
_cMONOGRAFIA _n0 |
||
| 999 |
_c195660 _d195660 |
||